Intellectual Property Law Copyright Patents Trade-Marks /

Bibliographic Details
Main Author: Vaver, David
Format: eBook
Language:English
Published: Toronto: Irwin Law Inc., 1997
Subjects:
Online Access:Acceso restringido

MARC

LEADER 00000nam a22000007a 4500
005 20210901225459.0
007 cr|||| ||||
008 210901s1997 ca |||||s|||| 00||0 eng d
020 |a 9781459314344 
035 |a 35339 
040 |a vLex 
090 |c 12201  |d 12201 
100 1 |a Vaver, David 
245 1 0 |a Intellectual Property Law  |h [Recurso electrn̤ico] :  |b Copyright Patents Trade-Marks /  |c David Vaver 
256 |a Servicio en ln̕ea 
260 |a Toronto:  |b Irwin Law Inc.,  |c 1997 
300 |a 1 recurso electrn̤ico 
506 1 |a Disponible solo en los productos indicados  |d vLex Global  |d vLex Global (Academic Edition, excluding Law Schools)  |d vLex Global (U.S. Academic Edition, Law Schools)  |d vLex Global (U.S. Academic Edition, excluding Law Schools)  |d vLex Global (Academic Edition, Law Schools) 
650 0 4 |a Propiedad Intelectual  |z Canad̀ 
740 0 |a vLex Libros (Servicio en ln̕ea) 
856 4 0 |u https://app.vlex.com/#/sources/35339  |z Acceso restringido 
942 |c BOOK 
999 0 |a Intellectual property